[Event "Challenge"]
[Site "http://www.queenalice.com/game.php?id=914725"]
[Date "2011.3.19"]
[Round "-"]
[White "Poker2001"]
[Black "juli1"]
[Result "1-0"]
[WhiteElo "980"]
[BlackElo "1726"]

1. d4 e6 2. Qd2 Nc6 3. Nf3 Bb4 4. c3 Be7 5. Ne5 Nxe5 6. dxe5 h6 7. g3 Bg5 8. f4
Be7 9. e4 b6 10. Na3 Bb7 11. Bg2 Bxa3 12. bxa3 Ne7 13. Bb2 c6 14. O-O O-O 15. f5
b5 16. f6 Ng6 17. fxg7 Kxg7 18. Rf6 d6 19. Bc1 Rh8 20. Qf2 Qe7 21. Rf3 Nxe5 22.
Rf4 Nd3 23. Rg4+ Kf8 24. Qd4 Ne5 25. Bf4 c5 26. Qd2 Ke8 27. Bxe5 dxe5 28. Qb2 a6
29. c4 Kd7 30. cxb5 f5 31. bxa6 Bxa6 32. exf5 exf5 33. Rd1+ Kc8 34. Rg6 Kc7 35.
Qb6+ Kc8 36. Rc6+ 1-0

[Event "AUTO-BEG-489"]
[Site "http://www.queenalice.com/game.php?id=948421"]
[Date "2011.6.10"]
[Round "1"]
[White "Poker2001"]
[Black "NeeneNY"]
[Result "1-0"]
[WhiteElo "980"]
[BlackElo "1309"]

1. d4 d5 2. b3 Nf6 3. Bg5 Ne4 4. Nf3 Nc6 5. e3 e6 6. Bxd8 Nxd8 7. Bd3 Bb4+ 8.
Nfd2 Nc3 9. Nxc3 Bxc3 10. Rb1 Nc6 11. O-O e5 12. dxe5 Nxe5 13. Be2 Bf5 14. Nf3
Nd7 15. Qxd5 O-O-O 16. Qxf5 f6 17. Nd4 Rde8 18. Bg4 b6 19. Qxd7+ Kb7 20. Bf3+
Ka6 21. Qxc7 g5 22. Qc4+ 1-0

[Event "AUTO-BEG-489"]
[Site "http://www.queenalice.com/game.php?id=948422"]
[Date "2011.6.10"]
[Round "1"]
[White "NeeneNY"]
[Black "Poker2001"]
[Result "0-1"]
[WhiteElo "1309"]
[BlackElo "1006"]

1. e4 d5 2. e5 g6 3. Be2 Nc6 4. Nf3 Bg7 5. d4 f6 6. e6 Bxe6 7. Bb5 Qd6 8. O-O a6
9. Bxc6+ Qxc6 10. Nc3 Bf5 11. Bf4 O-O-O 12. a4 Kb8 13. Nd2 g5 14. Bg3 h5 15. Qf3
Bg4 16. Qe3 h4 17. h3 hxg3 18. hxg4 gxf2+ 19. Qxf2 Qd6 20. Qf3 f5 21. Qxf5 Qh2+
22. Kf2 Rf8 23. Ke3 Rxf5 24. Rxf5 Qxg2 25. Rxg5 Rh3+ 26. Kf4 Qf2+ 27. Nf3 Qxf3#
0-1

[Event "AUTO-BEG-489"]
[Site "http://www.queenalice.com/game.php?id=948423"]
[Date "2011.6.10"]
[Round "1"]
[White "Poker2001"]
[Black "Pantaleon"]
[Result "0-1"]
[WhiteElo "1035"]
[BlackElo "1384"]

1. Nf3 Nc6 2. d4 d5 3. Bf4 Bg4 4. Ne5 Nf6 5. Nc3 e6 6. h3 Bh5 7. g4 Bg6 8. h4
Nxe5 9. Bxe5 Nxg4 10. e3 Nxe5 11. dxe5 Bc5 12. Qf3 c6 13. O-O-O Qe7 14. Na4 Bb4
15. a3 Ba5 16. Qg3 b5 17. Nc3 Bxc3 18. bxc3 Qxa3+ 19. Kd2 a5 20. Bh3 Qe7 21. h5
Bf5 22. Qxg7 Kd7 23. Bf1 b4 24. c4 a4 25. Qg2 b3 26. Kc3 bxc2 27. Rc1 Qa3+ 28.
Kd2 Qb4+ 29. Ke2 Qxc4+ 30. Ke1 Qc3+ 31. Ke2 Bd3+ 0-1

[Event "AUTO-BEG-489"]
[Site "http://www.queenalice.com/game.php?id=948424"]
[Date "2011.6.10"]
[Round "1"]
[White "Pantaleon"]
[Black "Poker2001"]
[Result "1-0"]
[WhiteElo "1251"]
[BlackElo "1013"]

1. e4 d5 2. exd5 Qd7 3. Nc3 Nf6 4. Bb5 c6 5. dxc6 bxc6 6. Ba4 Ba6 7. d4 Nd5 8.
Nge2 Qg4 9. Nxd5 Qxg2 10. Nc7+ Kd8 11. Rg1 Qxh2 12. Bf4 Qh4 13. Qd2 Nd7 14. Nxa8
e6 15. Qa5+ 1-0

[Event "AUTO-BEG-489"]
[Site "http://www.queenalice.com/game.php?id=948425"]
[Date "2011.6.10"]
[Round "1"]
[White "Poker2001"]
[Black "lffac"]
[Result "0-1"]
[WhiteElo "980"]
[BlackElo "1591"]

1. Nf3 d5 2. d3 Nf6 3. Nc3 Bg4 4. Ne5 Be6 5. e3 Nbd7 6. Nf3 c6 7. e4 dxe4 8.
Nxe4 Nxe4 9. dxe4 Nc5 10. Bd3 Bg4 11. Be3 Nxd3+ 12. cxd3 Bxf3 13. Qxf3 Qxd3 14.
Rd1 Qb5 15. Qg4 e6 16. Rd2 Bb4 17. Qxg7 Bxd2+ 0-1

[Event "AUTO-BEG-489"]
[Site "http://www.queenalice.com/game.php?id=948426"]
[Date "2011.6.10"]
[Round "1"]
[White "lffac"]
[Black "Poker2001"]
[Result "1-0"]
[WhiteElo "1589"]
[BlackElo "980"]

1. e4 d5 2. exd5 Qxd5 3. Nc3 Qe5+ 4. Qe2 Nc6 5. Nf3 Qxe2+ 6. Bxe2 e5 7. O-O Be7
8. Bb5 Bd7 9. d3 a6 10. Bxc6 Bxc6 11. Nxe5 Nf6 12. Nxc6 bxc6 13. Re1 Rd8 14. a3
Rd7 15. Bg5 O-O 16. h3 h6 17. Bh4 Re8 18. Ne4 Nd5 19. c4 1-0

[Event "AUTO-BEG-526"]
[Site "http://www.queenalice.com/game.php?id=1037580"]
[Date "2012.3.9"]
[Round "1"]
[White "Rijo"]
[Black "Poker2001"]
[Result "0-1"]
[WhiteElo "1459"]
[BlackElo "1122"]

1. e4 e5 2. Nf3 Nf6 3. Qe2 Qe7 4. Nc3 Nc6 5. g3 g6 6. Nb5 Nb4 7. Qc4 d5 8. exd5
Nxc2+ 9. Qxc2 Bf5 10. Qc3 Nxd5 11. Qxe5 c6 12. Qxe7+ Bxe7 13. Nbd4 Be4 14. Be2
O-O 15. d3 Bf5 16. Nxf5 gxf5 17. Bd2 Bf6 18. d4 Rfe8 19. Nh4 Bxd4 20. Bc3 Nxc3
21. bxc3 Bxc3+ 22. Kf1 Bxa1 23. Nxf5 Rad8 24. Ne3 Bd4 25. Kg2 Bxe3 26. fxe3 Rxe3
27. Bf3 Rd2+ 28. Kh3 Rxf3 29. Ra1 Rff2 0-1

[Event "AUTO-BEG-526"]
[Site "http://www.queenalice.com/game.php?id=1037581"]
[Date "2012.3.9"]
[Round "1"]
[White "Poker2001"]
[Black "Rijo"]
[Result "1-0"]
[WhiteElo "1070"]
[BlackElo "1465"]

1. e4 e5 2. Qh5 g6 3. Qxe5+ Be7 4. Qxh8 Kf8 5. d3 Bf6 6. Qxh7 c5 7. Bh6+ Nxh6 8.
Qxh6+ Ke7 9. e5 Bxe5 10. c3 Qa5 11. Nf3 d6 12. Nxe5 dxe5 13. Qg5+ Kd6 14. Be2
Nd7 15. Na3 b6 16. Nc4+ Ke6 17. Nxa5 bxa5 18. O-O Rb8 19. b3 Ba6 20. c4 Rg8 21.
Rfe1 Kd6 22. f4 Re8 23. Bg4 e4 24. Qd5+ Kc7 25. Qxd7+ 1-0

[Event "AUTO-BEG-526"]
[Site "http://www.queenalice.com/game.php?id=1037592"]
[Date "2012.3.9"]
[Round "1"]
[White "Philchess"]
[Black "Poker2001"]
[Result "1-0"]
[WhiteElo "1374"]
[BlackElo "1151"]

1. e4 e5 2. Nf3 Nf6 3. d3 d6 4. Nc3 Nc6 5. b3 Ng4 6. g3 d5 7. Bg2 Bb4 8. Bb2
Bxc3+ 9. Bxc3 Qd6 10. exd5 Ne7 11. Bxe5 Nxe5 12. Nxe5 Qxe5+ 13. Kd2 Nxd5 14. Re1
Qxe1+ 15. Qxe1+ Ne7 16. Qe3 Be6 17. Bxb7 Rb8 18. Qxa7 O-O 19. Be4 Rbc8 20. Qe3
f5 21. Bf3 Rf6 22. c4 Ng6 23. a4 c5 24. Bd5 Bxd5 25. cxd5 Ne7 26. Qxe7 1-0

[Event "AUTO-BEG-526"]
[Site "http://www.queenalice.com/game.php?id=1037593"]
[Date "2012.3.9"]
[Round "1"]
[White "Poker2001"]
[Black "Philchess"]
[Result "1-0"]
[WhiteElo "1144"]
[BlackElo "1351"]

1. e4 e5 2. Nf3 Nc6 3. Bb5 Nge7 4. d3 d6 5. Bg5 Bd7 6. O-O a6 7. Bxe7 Bxe7 8.
Bxc6 Bxc6 9. Qe2 O-O 10. d4 exd4 11. Nxd4 Bd7 12. Re1 c5 13. Nf3 Re8 14. Nc3 Be6
15. Rad1 b5 16. Ne5 b4 17. Nc6 Qc7 18. Nxe7+ Qxe7 19. Nd5 Bxd5 20. Rxd5 a5 21.
h3 a4 22. Qd3 Rac8 23. Rxd6 c4 24. Qd5 c3 25. b3 axb3 26. axb3 h6 27. e5 Kh8 28.
e6 f6 29. Rd7 Qf8 30. Rf7 Qc5 31. Qe4 Rc7 32. e7 Rcxe7 33. Rxe7 Rxe7 34. Qxe7
Qxe7 35. Rxe7 Kh7 36. Rb7 Kg6 37. Rxb4 Kg5 38. Rc4 g6 39. b4 f5 40. b5 h5 41. b6
h4 42. b7 f4 43. b8=Q 1-0

[Event "Challenge"]
[Site "http://www.queenalice.com/game.php?id=1070344"]
[Date "2012.6.9"]
[Round "-"]
[White "attiliottone"]
[Black "Poker2001"]
[Result "0-1"]
[WhiteElo "1260"]
[BlackElo "1100"]

1. e4 c5 2. Nf3 d6 3. Nc3 Bg4 4. Bc4 Nf6 5. Ng5 Bxd1 6. Kxd1 e6 7. Bb5+ Nbd7 8.
a4 g6 9. a5 Bg7 10. d3 O-O 11. Bf4 d5 12. Bd6 Re8 13. Rf1 b6 14. Bc6 bxa5 15.
Bxa8 Qxa8 16. Nb5 Qc6 17. Nc7 Qxd6 18. Nxe8 Nxe8 19. Rxa5 Qb6 20. Ra4 Qxb2 21.
Rxa7 Bh6 22. Ra8 Bxg5 23. Rxe8+ Kg7 24. f4 Bh6 25. Rd8 Nb6 26. Rb8 dxe4 27. dxe4
Qd4+ 28. Ke2 Nc4 29. Rd1 Qxe4+ 30. Kf1 Ne3+ 31. Ke1 Nxd1+ 32. Kxd1 Bxf4 33. Rc8
Qxg2 34. Rxc5 Qd2# 0-1